[Event "Guernsey Holiday op 43rd"]
[Site "Guernsey"]
[Date "2017.10.20"]
[Round "6"]
[White "Beadle, John R"]
[Black "Harnden, Terry"]
[Result "1/2-1/2"]
[WhiteElo "1558"]
[BlackElo "1369"]
[PlyCount "36"]
[EventDate "2017.10.15"]
[EventType "swiss"]
[EventRounds "7"]
[EventCountry "GCI"]
[SourceTitle "EXT 2020"]
[Source "ChessBase"]
[SourceDate "2019.10.17"]
[SourceVersion "1"]
[SourceVersionDate "2019.10.17"]
[SourceQuality "1"]

1. e4 c5 2. Nf3 d6 3. d4 cxd4 4. Nxd4 Nc6 5. c4 Nf6 6. Nc3 g6 7. Be2 Bg7 8. 0-0 0-0 9. Be3 Nxd4 10. Bxd4 Bd7 11. f4 b6 12. e5 dxe5 13. Bxe5 Rc8 14. Rc1 a6 15. Rf3 Bf5 16. Qe1 Be6 17. Rd1 Qe8 18. b3 Nd7 1/2-1/2

[Event "Gibraltar Masters 15th"]
[Site "Caleta"]
[Date "2017.01.25"]
[Round "2"]
[White "Beadle, John R"]
[Black "Bendayan Claros, Aaron Arturo"]
[Result "0-1"]
[WhiteElo "1544"]
[BlackElo "2128"]
[PlyCount "68"]
[EventDate "2017.01.24"]
[EventType "swiss"]
[EventRounds "10"]
[EventCountry "GGB"]
[SourceTitle "CBM 177"]
[Source "ChessBase"]
[SourceDate "2017.03.16"]
[SourceVersion "1"]
[SourceVersionDate "2017.03.16"]
[SourceQuality "1"]

1. e4 c6 2. d4 d5 3. Nc3 dxe4 4. Nxe4 Nf6 5. Nxf6+ exf6 6. Nf3 Bd6 7. Bd3 0-0 8. 0-0 Bg4 9. h3 Be6 10. c4 Re8 11. Qc2 Kh8 12. Bxh7 Qd7 13. Re1 Bxc4 14. Rxe8+ Qxe8 15. Qxc4 Kxh7 16. Bd2 Kg8 17. Re1 Qd8 18. Re4 Nd7 19. Qe2 Nf8 20. Nh4 Qd7 21. Qh5 Ne6 22. Nf3 g6 23. Qh6 Bf8 24. Qe3 Qd5 25. a3 Rd8 26. Bc3 Bg7 27. Rg4 f5 28. Rh4 Bf6 29. Qh6 Bxh4 30. Qxh4 Kg7 31. Ne5 f6 32. Nf3 Qe4 33. Qg3 Qf4 34. Qxf4 Nxf4 0-1

[Event "Guernsey Holiday op 41st"]
[Site "Guernsey"]
[Date "2015.10.21"]
[Round "4"]
[White "Beadle, John R"]
[Black "Nalichowski, Bogdan"]
[Result "1-0"]
[WhiteElo "1643"]
[BlackElo "1386"]
[PlyCount "117"]
[EventDate "2015.10.18"]
[EventType "swiss"]
[EventRounds "7"]
[EventCountry "GCI"]
[SourceTitle "EXT 2022"]
[Source "ChessBase"]
[SourceDate "2021.10.06"]
[SourceVersion "1"]
[SourceVersionDate "2021.10.06"]
[SourceQuality "1"]

1. e4 e5 2. Nf3 Nc6 3. Bb5 Nge7 4. 0-0 Ng6 5. c3 d5 6. exd5 Qxd5 7. Ba4 Be7 8. Bb3 Qd6 9. d3 Bg4 10. h3 Bf5 11. d4 0-0-0 12. Bxf7 Nh4 13. Nbd2 exd4 14. c4 g5 15. g4 Bg6 16. Bd5 Ne5 17. Nxe5 Qxe5 18. Re1 Qg7 19. Nf3 Nxf3+ 20. Qxf3 c6 21. Be6+ Kb8 22. Bd2 Rhe8 23. a4 Rf8 24. Qg2 Rf6 25. Bxg5 Rxe6 26. Rxe6 Bxg5 27. Qg3+ Ka8 28. Rae1 Bf7 29. Qc7 Qg8 30. Re7 Bxe7 31. Rxe7 Rb8 32. Rxf7 h5 33. f3 hxg4 34. hxg4 Qg5 35. Qf4 Qc5 36. Rf5 Qxc4 37. Rf8 Qc1+ 38. Qxc1 Rxf8 39. Kg2 Kb8 40. Qc5 Rd8 41. Kf2 a6 42. g5 Rd5 43. Qf8+ Kc7 44. Qf7+ Rd7 45. Qf4+ Kb6 46. Ke2 c5 47. Qd2 Kc6 48. f4 b5 49. Qa5 b4 50. Qxa6+ Kd5 51. Kd3 Re7 52. Qa8+ Kd6 53. Qf8 Kd7 54. Qxe7+ Kxe7 55. a5 Ke6 56. a6 Kd5 57. b3 Ke6 58. a7 c4+ 59. Kxc4 1-0

[Event "Gibraltar Masters 13th"]
[Site "Caleta"]
[Date "2015.01.29"]
[Round "3"]
[White "Beadle, John R"]
[Black "Green, Per"]
[Result "0-1"]
[WhiteElo "1694"]
[BlackElo "1996"]
[PlyCount "44"]
[EventDate "2015.01.27"]
[EventType "swiss"]
[EventRounds "10"]
[EventCountry "GGB"]
[SourceTitle "CBM 165"]
[Source "ChessBase"]
[SourceDate "2015.03.11"]
[SourceVersion "1"]
[SourceVersionDate "2015.03.11"]
[SourceQuality "1"]

1. e4 c5 2. Nf3 g6 3. d4 cxd4 4. Nxd4 Bg7 5. c3 Nc6 6. Nxc6 bxc6 7. Be3 Nf6 8. Nd2 d6 9. h3 0-0 10. Bc4 d5 11. exd5 cxd5 12. Bb3 Ba6 13. Nf3 Qa5 14. Nd4 Qc7 15. Bc2 Rab8 16. Rb1 Rxb2 17. Ne2 Rxb1 18. Bxb1 Bxe2 19. Qxe2 Qxc3+ 20. Bd2 Qb2 21. 0-0 Bh6 22. Qxe7 Bxd2 0-1

[Event "Guernsey Holiday op 40th"]
[Site "Guernsey"]
[Date "2014.10.21"]
[Round "3"]
[White "Spanjersberg, Hans"]
[Black "Beadle, John R"]
[Result "1/2-1/2"]
[WhiteElo "1648"]
[BlackElo "1690"]
[PlyCount "69"]
[EventDate "2014.10.19"]
[EventType "swiss"]
[EventRounds "7"]
[EventCountry "GCI"]
[SourceTitle "EXT 2022"]
[Source "ChessBase"]
[SourceDate "2021.10.06"]
[SourceVersion "1"]
[SourceVersionDate "2021.10.06"]
[SourceQuality "1"]

1. f4 Nf6 2. Nf3 g6 3. b3 Bg7 4. Bb2 0-0 5. e3 c5 6. Be2 d6 7. 0-0 a6 8. a4 Nc6 9. Qc1 Bf5 10. d3 b5 11. e4 Bg4 12. h3 Bd7 13. axb5 axb5 14. Nc3 Qb6 15. Nd5 Nxd5 16. Bxg7 Nxf4 17. Qxf4 Kxg7 18. Rxa8 Rxa8 19. Ng5 Ne5 20. Qh4 h6 21. Nxf7 Nxf7 22. Qxe7 Be8 23. Qf6+ Kh7 24. Qe7 Qa7 25. Qf8 Ne5 26. Qxd6 c4+ 27. Kh1 cxd3 28. cxd3 Qg7 29. d4 Nf7 30. Qc5 Rd8 31. Qe7 Qxd4 32. Bxb5 Qd6 33. Rxf7+ Bxf7 34. Qxf7+ Kh8 35. Bc4 1/2-1/2